Fenerbahce All Players Since 2000 - Statistics

General Stats
  • This quiz has been taken 31 times
  • The average score is 101 of 318
Answer Stats
Pos/Country First Appr Last Appr Answer % Correct
MF/Brazil 04-05 12-13 Alex
86%
FW/Serbia 23-24 24-25 Dušan Tadić
86%
FW/Bosnia-Herzegovina 23-24 24-25 Edin Džeko
86%
GK/Türkiye 02-03 18-19 Volkan Demirel
86%
DF/Senegal 15-16 15-16 Abdoulaye Ba
81%
GK/Brazil 25-26 25-26 Ederson
81%
MF/Mexico 25-26 25-26 Edson Álvarez
81%
MF/Brazil 23-24 25-26 Fred
81%
DF/Türkiye 23-24 25-26 Mert Müldür
81%
FW/Morocco 24-25 25-26 Youssef En-Nesyri
81%
MF/Spain 25-26 25-26 Marco Asensio
76%
DF/Slovakia 24-25 25-26 Milan Škriniar
76%
DF/Portugal 25-26 25-26 Nélson Semedo
76%
MF/Poland 23-24 25-26 Sebastian Szymanski
76%
DF/England 25-26 25-26 Archie Brown
71%
FW/Türkiye 24-25 25-26 Cenk Tosun
71%
DF/Brazil 24-25 24-25 Diego Carlos
71%
DF/Netherlands 22-23 25-26 Jayden Oosterwolde
71%
FW/Colombia 25-26 25-26 Jhon Durán
71%
GK/Türkiye 07-08 14-15 Mert Günok
71%
MF/Morocco 24-25 25-26 Sofyan Amrabat
71%
FW/Kosovo 19-20 19-20 Vedat Muriqi
71%
MF/Türkiye 20-21 22-23 Arda Güler
67%
DF/Türkiye 23-24 25-26 Çağlar Söyüncü
67%
FW/Brazil 06-07 10-11 Deivid
67%
GK/Croatia 23-24 25-26 Dominik Livakovic
67%
FW/Mali 25-26 25-26 Dorgeles Nene
67%
MF/North Macedonia 17-18 18-19 Eljif Elmas
67%
DF/Türkiye 18-19 24-25 Ferdi Kadıoğlu
67%
FW/Türkiye 20-21 25-26 İrfan Can Kahveci
67%
DF/Korea, South 21-22 21-22 Min-jae Kim
67%
FW/Senegal 11-12 16-17 Moussa Sow
67%
FW/Türkiye 24-25 25-26 Oğuz Aydın
67%
DF/Türkiye 11-12 12-13 Orhan Şam
67%
MF/Brazil 24-25 25-26 Talisca
67%
DF/Türkiye 22-23 25-26 Yiğit Efe Demir
67%
DF/Ghana 23-24 25-26 Alexander Djiku
62%
FW/Tanzania 20-21 21-22 Ally Samatta
62%
FW/Nigeria 13-14 16-17 Emmanuel Emenike
62%
FW/Ecuador 20-21 22-23 Enner Valencia
62%
DF/Slovakia 16-17 18-19 Martin Skrtel
62%
MF/Germany 20-21 21-22 Mesut Özil
62%
FW/Belgium 22-23 23-24 Michy Batshuayi
62%
MF/Bosnia-Herzegovina 23-24 24-25 Rade Krunic
62%
DF/Brazil 07-08 09-10 Roberto Carlos
62%
FW/Netherlands 15-16 17-18 Robin van Persie
62%
FW/England 23-24 24-25 Ryan Kent
62%
FW/Türkiye 15-16 16-17 Volkan Şen
62%
GK/Türkiye 19-20 23-24 Altay Bayındır
57%
DF/Türkiye 10-11 20-21 Caner Erkin
57%
DF/Uruguay 06-07 10-11 Diego Lugano
57%
GK/Türkiye 19-20 24-25 Ertuğrul Çetin
57%
GK/Türkiye 22-23 25-26 İrfan Can Eğribayat
57%
MF/Türkiye 20-21 25-26 İsmail Yüksek
57%
FW/Türkiye 25-26 25-26 Kerem Aktürkoğlu
57%
FW/Germany 21-22 22-23 Mergim Berisha
57%
FW/Slovakia 10-11 17-18 Miroslav Stoch
57%
FW/Cameroon 12-13 14-15 Pierre Webó
57%
FW/Spain 17-18 18-19 Roberto Soldado
57%
DF/Brazil 23-24 25-26 Rodrigo Becão
57%
GK/Türkiye 17-18 25-26 Tarık Çetin
57%
DF/France 19-20 19-20 Adil Rami
52%
FW/France 24-25 24-25 Allan Saint-Maximin
52%
GK/Cameroon 17-18 18-19 Carlos Kameni
52%
MF/Brazil 14-15 15-16 Diego
52%
FW/Türkiye 22-23 25-26 Emre Mor
52%
DF/Türkiye 07-08 20-21 Gökhan Gönül
52%
FW/Algeria 18-19 18-19 Islam Slimani
52%
DF/Italy 23-24 23-24 Leonardo Bonucci
52%
DF/Türkiye 24-25 25-26 Levent Mercan
52%
DF/Chile 17-18 19-20 Mauricio Isla
52%
MF/Germany 21-22 21-22 Max Meyer
52%
MF/Türkiye 12-13 18-19 Mehmet Topal
52%
DF/Türkiye 03-04 06-07 Servet Çetin
52%
DF/Denmark 15-16 16-17 Simon Kjaer
52%
MF/Brazil 22-23 22-23 Willian Arão
52%
DF/Hungary 20-21 22-23 Attila Szalai
48%
DF/Nigeria 20-21 24-25 Bright Osayi-Samuel
48%
FW/Türkiye 23-24 25-26 Cengiz Ünder
48%
FW/Spain 08-09 10-11 Dani Güiza
48%
FW/Argentina 20-21 20-21 Diego Perotti
48%
FW/Netherlands 12-13 14-15 Dirk Kuyt
48%
DF/North Macedonia 22-23 22-23 Ezgjan Alioski
48%
MF/Serbia 24-25 24-25 Filip Kostić
48%
FW/Germany 19-20 19-20 Max Kruse
48%
MF/Türkiye 20-21 25-26 Mert Hakan Yandaş
48%
MF/Türkiye 15-16 21-22 Ozan Tufan
48%
GK/Türkiye 00-01 06-07 Rüştü Reçber
48%
MF/Türkiye 03-04 14-15 Selçuk Şahin
48%
DF/Türkiye 18-19 24-25 Serdar Aziz
48%
MF/Greece 20-21 22-23 Dimitrios Pelkas
43%
DF/Brazil 06-07 08-09 Edú Dracena
43%
MF/Türkiye 08-09 19-20 Emre Belözoğlu
43%
FW/Brazil 15-16 17-18 Fernandão
43%
FW/Cape Verde 19-20 20-21 Garry Rodrigues
43%
MF/Brazil 17-18 18-19 Giuliano
43%
DF/Netherlands 16-17 16-17 Gregory van der Wiel
43%
DF/Brazil 22-23 22-23 Gustavo Henrique
43%
DF/Türkiye 12-13 19-20 Hasan Ali Kaldırım
43%
FW/Cameroon 11-12 12-13 Henri Bienvenu
43%
FW/Senegal 10-11 11-12 Issiar Dia
43%
MF/Brazil 19-20 21-22 Luiz Gustavo
43%
DF/DR Congo 20-21 22-23 Marcel Tisserand
43%
DF/Morocco 17-18 20-21 Nabil Dirar
43%
FW/France 04-05 06-07 Nicolas Anelka
43%
DF/Ukraine 16-17 16-17 Oleksandr Karavaev
43%
MF/Portugal 12-13 15-16 Raúl Meireles
43%
DF/Russia 16-17 18-19 Roman Neustädter
43%
FW/Türkiye 00-01 12-13 Semih Şentürk
43%
MF/Algeria 18-19 18-19 Yassine Benzia
43%
DF/Türkiye 23-24 25-26 Yusuf Akçiçek
43%
DF/Denmark 19-20 20-21 Zanka
43%
DF/Türkiye 22-23 23-24 Ahmet Necat Aydın
38%
FW/Iran 19-20 19-20 Allahyar Sayyadmanesh
38%
FW/Türkiye 13-14 19-20 Alper Potuk
38%
MF/Argentina 02-03 02-03 Ariel Ortega
38%
FW/Portugal 22-23 22-23 Bruma
38%
MF/Chile 07-08 08-09 Claudio Maldonado
38%
MF/Uruguay 21-22 22-23 Diego Rossi
38%
MF/Israel 00-01 02-03 Haim Revivo
38%
MF/Türkiye 13-14 13-14 İbrahim Serdar Aydın
38%
FW/Netherlands 16-17 16-17 Jeremain Lens
38%
MF/Argentina 20-21 21-22 José Sosa
38%
FW/Senegal 10-11 10-11 Mamadou Niang
38%
MF/France 17-18 18-19 Mathieu Valbuena
38%
MF/Türkiye 03-04 07-08 Mehmet Aurélio
38%
MF/Türkiye 09-10 15-16 Mehmet Topuz
38%
FW/Switzerland 18-19 20-21 Michael Frey
38%
MF/Portugal 21-22 23-24 Miguel Crespo
38%
FW/Portugal 15-16 15-16 Nani
38%
FW/Senegal 20-21 20-21 Papiss Demba Cissé
38%
MF/Ghana 05-06 07-08 Stephen Appiah
38%
FW/Türkiye 02-03 06-07 Tuncay Şanlı
38%
GK/Türkiye 03-04 10-11 Volkan Babacan
38%
FW/Ghana 18-19 18-19 André Ayew
33%
DF/Portugal 13-14 15-16 Bruno Alves
33%
FW/Türkiye 07-08 10-11 Colin Kazım-Richards
33%
DF/Mexico 18-19 18-19 Diego Reyes
33%
DF/Türkiye 12-13 14-15 Egemen Korkmaz
33%
DF/Brazil 04-05 04-05 Fabiano
33%
GK/Cyprus 15-16 16-17 Fabiano
33%
DF/Brazil 03-04 05-06 Fabio Luciano
33%
DF/Czech Republic 20-21 22-23 Filip Novak
33%
GK/Türkiye 18-19 20-21 Harun Tekin
33%
FW/Norway 22-23 23-24 Joshua King
33%
FW/Switzerland 20-21 20-21 Kemal Ademi
33%
DF/Brazil 22-23 23-24 Luan Peres
33%
FW/Serbia 06-07 08-09 Mateja Kežman
33%
FW/Serbia 12-13 14-15 Milos Krasic
33%
FW/Netherlands 03-04 04-05 Pierre van Hooijdonk
33%
MF/Sweden 13-14 13-14 Samuel Holmén
33%
FW/Türkiye 21-22 23-24 Serdar Dursun
33%
DF/Türkiye 11-12 15-16 Serdar Kesimal
33%
GK/Türkiye 05-06 07-08 Serdar Kulbilge
33%
FW/Türkiye 20-21 20-21 Sinan Gümüş
33%
DF/Brazil 09-10 10-11 André Santos
29%
FW/Türkiye 08-09 08-09 Burak Yılmaz
29%
DF/Türkiye 04-05 09-10 Deniz Barış
29%
FW/Türkiye 19-20 20-21 Deniz Türüç
29%
DF/Türkiye 18-19 18-19 Deniz Yılmaz
29%
FW/Bosnia-Herzegovina 00-01 00-01 Elvir Baljic
29%
FW/Italy 22-23 22-23 João Pedro
29%
DF/Nigeria 10-11 13-14 Joseph Yobo
29%
FW/Serbia 15-16 15-16 Lazar Markovic
29%
FW/Senegal 20-21 20-21 Mame Thiam
29%
DF/Uruguay 20-21 22-23 Mauricio Lemos
29%
FW/Türkiye 03-04 06-07 Mehmet Yozgatlı
29%
FW/Türkiye 19-20 19-20 Mevlüt Erdinç
29%
MF/Croatia 00-01 02-03 Milan Rapaic
29%
DF/Türkiye 04-05 10-11 Önder Turacı
29%
DF/Switzerland 11-12 12-13 Reto Ziegler
29%
FW/Türkiye 00-01 04-05 Serhat Akın
29%
MF/Brazil 15-16 18-19 Souza
29%
DF/Türkiye 01-02 06-07 Ümit Özat
29%
FW/Netherlands 17-18 17-18 Vincent Janssen
29%
MF/Türkiye 23-24 25-26 Bartuğ Elmaz
24%
DF/Türkiye 09-10 14-15 Bekir İrtegün
24%
GK/Türkiye 18-19 21-22 Berke Özer
24%
DF/Türkiye 02-03 08-09 Can Arat
24%
FW/Türkiye 09-10 11-12 Gökhan Ünal
24%
DF/Portugal 17-18 17-18 Luís Neto
24%
MF/Türkiye 17-18 19-20 Mehmet Ekici
24%
FW/Brazil 03-04 05-06 Mert Nobre
24%
DF/Czech Republic 13-14 15-16 Michal Kadlec
24%
MF/Slovenia 18-19 24-25 Miha Zajc
24%
DF/Germany 00-01 02-03 Mustafa Dogan
24%
MF/Serbia 00-01 01-02 Nikola Lazetic
24%
DF/Türkiye 18-19 20-21 Sadık Çiftpınar
24%
DF/Türkiye 22-23 24-25 Samet Akaydin
24%
DF/Türkiye 04-05 06-07 Serkan Balcı
24%
MF/Türkiye 18-19 20-21 Tolga Ciğerci
24%
MF/Germany 18-19 19-20 Tolgay Arslan
24%
MF/Türkiye 06-07 08-09 Tümer Metin
24%
DF/Brazil 07-08 09-10 Wederson
24%
MF/Morocco 16-17 18-19 Aatif Chahechouhe
19%
FW/Türkiye 25-26 25-26 Alaettin Ekici
19%
MF/Türkiye 00-01 03-04 Ali Güneş
19%
MF/Türkiye 16-17 18-19 İsmail Köybaşı
19%
MF/Spain 08-09 08-09 Josico
19%
FW/Sweden 00-01 01-02 Kennet Andersson
19%
MF/Türkiye 18-19 22-23 Muhammed Gümüşkaya
19%
DF/Türkiye 20-21 22-23 Nazım Sangaré
19%
MF/Türkiye 12-13 17-18 Salih Uçan
19%
MF/Ghana 00-01 02-03 Samuel Johnson
19%
DF/Türkiye 15-16 18-19 Şener Özbayraklı
19%
DF/Guinea 19-20 19-20 Simon Falette
19%
MF/Türkiye 06-07 11-12 Uğur Boral
19%
FW/Türkiye 23-24 23-24 Umut Nayir
19%
FW/Nigeria 18-19 19-20 Victor Moses
19%
FW/Türkiye 17-18 18-19 Ahmethan Köse
14%
FW/Türkiye 18-19 18-19 Barış Alıcı
14%
FW/Türkiye 12-13 16-17 Beykan Şimşek
14%
MF/Türkiye 01-02 02-03 Ceyhun Eriş
14%
MF/Brazil 09-10 13-14 Cristian
14%
GK/Türkiye 11-12 19-20 Erten Ersu
14%
GK/Türkiye 09-10 16-17 Ertuğrul Taşkıran
14%
DF/Brazil 09-10 11-12 Fábio Bilica
14%
FW/Türkiye 08-09 08-09 Gökhan Emreciksin
14%
MF/Brazil 18-19 20-21 Jailson
14%
MF/Brazil 22-23 23-24 Lincoln
14%
DF/Serbia 00-01 01-02 Misko Mirkovic
14%
MF/Türkiye 17-18 18-19 Oğuz Kağan Güçtekin
14%
GK/Türkiye 17-18 20-21 Oytun Özdoğan
14%
GK/Germany 03-04 03-04 Robert Enke
14%
FW/Ukraine 02-03 03-04 Sergiy Rebrov
14%
GK/Türkiye 10-11 13-14 Serkan Kırıntılı
14%
DF/Croatia 03-04 03-04 Stjepan Tomas
14%
MF/Türkiye 13-14 17-18 Uygar Zeybek
14%
FW/Brazil 02-03 02-03 Washington
14%
DF/Türkiye 16-17 18-19 Yiğithan Güveli
14%
MF/Türkiye 00-01 03-04 Yusuf Şimşek
14%
DF/Serbia 00-01 02-03 Zoran Mirkovic
14%
DF/Türkiye 21-22 22-23 Çağtay Kurukalıp
10%
MF/Türkiye 00-01 00-01 Celil Sağır
10%
MF/Türkiye 02-03 02-03 Cem Karaca
10%
DF/Türkiye 13-14 15-16 Egemen Zengin
10%
DF/Türkiye 02-03 02-03 Erman Yıldırım
10%
DF/Türkiye 01-02 04-05 Fatih Akyel
10%
MF/Türkiye 01-02 03-04 Hakan Bayraktar
10%
DF/Türkiye 14-15 16-17 Hakan Çinemre
10%
FW/Türkiye 25-26 25-26 Haydar Karataş
10%
FW/Türkiye 07-08 08-09 İlhan Parlak
10%
DF/Bulgaria 03-04 03-04 Ivaylo Petkov
10%
DF/Türkiye 25-26 25-26 Kamil Efe Üregen
10%
MF/Türkiye 02-03 07-08 Kemal Aslan
10%
DF/Türkiye 05-06 06-07 Kerim Zengin
10%
DF/Türkiye 03-04 06-07 Mahmut Hanefi Erdoğdu
10%
FW/Türkiye 04-05 06-07 Murat Hacıoğlu
10%
DF/Türkiye 00-01 02-03 Ogün Temizkanoğlu
10%
GK/Türkiye 00-01 02-03 Oğuz Dağlaroğlu
10%
GK/Türkiye 00-01 04-05 Recep Biler
10%
MF/Türkiye 11-12 13-14 Recep Niyaz
10%
DF/Türkiye 14-15 16-17 Savaş Polat
10%
MF/Brazil 01-02 01-02 Simão
10%
DF/Nigeria 00-01 01-02 Uche Okechukwu
10%
MF/Türkiye 20-21 20-21 Uğur Kaan Yıldız
10%
FW/Russia 02-03 02-03 Vladimir Beschastnykh
10%
FW/Türkiye 05-06 06-07 Zafer Biryol
10%
MF/Türkiye 00-01 02-03 Abdullah Ercan
5%
MF/Türkiye 16-17 16-17 Abdurrahman Canlı
5%
FW/Türkiye 00-01 00-01 Adem Gezici
5%
MF/Türkiye 01-02 02-03 Ali Akdeniz
5%
MF/Türkiye 07-08 09-10 Ali Bilgin
5%
FW/Türkiye 06-07 06-07 Alper Balaban
5%
FW/Türkiye 13-14 15-16 Aziz Ceylan
5%
MF/Türkiye 01-02 02-03 Bilal Kısa
5%
DF/Türkiye 21-22 24-25 Burak Kapacak
5%
MF/Türkiye 14-15 16-17 Caner Koca
5%
MF/Austria 23-24 23-24 Efekan Karayazi
5%
MF/Türkiye 19-20 19-20 Emre Nasuh
5%
MF/Türkiye 16-17 16-17 Erdi Şehit
5%
MF/Türkiye 02-03 03-04 Erhan Albayrak
5%
FW/Türkiye 00-01 02-03 Erhan Uyaroğlu
5%
MF/Türkiye 20-21 20-21 Eyüp Akcan
5%
MF/Türkiye 00-01 02-03 Fahri Tatan
5%
MF/Türkiye 20-21 21-22 Fatih Şanlıtürk
5%
GK/Türkiye 21-22 23-24 Furkan Akyüz
5%
MF/Türkiye 09-10 11-12 Gökay Iravul
5%
DF/Türkiye 09-10 11-12 Hasan Erbey
5%
DF/Türkiye 10-11 10-11 İlhan Eker
5%
DF/Türkiye 02-03 03-04 İsmail Güldüren
5%
MF/South Africa 00-01 00-01 John Moshoeu
5%
MF/Serbia 02-03 02-03 Miroslav Stevic
5%
MF/Türkiye 19-20 21-22 Murat Sağlam
5%
FW/Türkiye 01-02 02-03 Oktay Derelioğlu
5%
FW/Türkiye 03-04 06-07 Olcan Adın
5%
MF/Türkiye 19-20 20-21 Ömer Beyaz
5%
DF/Türkiye 18-19 18-19 Ömer Çakı
5%
DF/Türkiye 00-01 00-01 Ömer Karabacak
5%
MF/Türkiye 09-10 12-13 Özer Hurmacı
5%
DF/Türkiye 08-09 12-13 Özgür Çek
5%
DF/Türkiye 13-14 16-17 Ramazan Civelek
5%
MF/Türkiye 14-15 17-18 Samed Karakoç
5%
DF/Türkiye 20-21 21-22 Serhat Ahmetoğlu
5%
DF/Türkiye 17-18 17-18 Serhat Kot
5%
DF/Türkiye 00-01 01-02 Serkan Özsoy
5%
MF/Türkiye 11-12 12-13 Sezer Öztürk
5%
DF/Türkiye 07-08 08-09 Yasin Çakmak
5%
DF/Türkiye 14-15 16-17 Yasir Subaşı
5%
MF/Türkiye 08-09 09-10 Abdülkadir Kayalı
0%
DF/Türkiye 03-04 03-04 Alper Akıcı
0%
MF/Türkiye 21-22 21-22 Arda Okan Kurtulan
0%
FW/Türkiye 10-11 11-12 Berk Elitez
0%
FW/Türkiye 23-24 23-24 Çağrı Fedai
0%
FW/Türkiye 23-24 23-24 Emirhan Arkutcu
0%
DF/Türkiye 19-20 19-20 Emir Köksal
0%
MF/Türkiye 04-05 08-09 Gürhan Gürsoy
0%
DF/Türkiye 16-17 16-17 Kaan Özdemir
0%
DF/Türkiye 06-07 06-07 Kutay Şenyıl
0%
FW/Türkiye 18-19 18-19 Mahsun Çapkan
0%
FW/Türkiye 14-15 15-16 Melih Okutan
0%
MF/Türkiye 13-14 14-15 Muhammed Akarslan
0%
MF/Türkiye 23-24 23-24 Muhammet İmre
0%
DF/Türkiye 24-25 24-25 Muharrem Cizgili
0%
DF/Türkiye 09-10 10-11 Okan Alkan
0%
DF/Türkiye 06-07 06-07 Osman Kürşat Duman
0%
FW/Türkiye 15-16 15-16 Semih Ergül
0%
FW/Türkiye 06-07 06-07 Umut Güzelses
0%
No matching quizzes found
Score Distribution
Percent of People with Each Score
Percentile by Number Answered
Your Score History
You have not taken this quiz